Disney . Lettre Q, W, X, Y, Z - Statistiques

Statistiques générales
  • Ce quiz a été pris 322 fois
  • Le résultat moyen est 11 sur 20
Statistiques - réponses
Question Réponse % Correct
Ourson très gourmand qui adore le miel Winnie
99%
Héros de Notre Dame Quasimodo
97%
Petit robot qui nettoie la Terre Wall E
94%
Jouet héros de Toy Story Woody
89%
Grande sorcière dans La petite sirène Ursula
85%
Père d'Hercule Zeus
85%
Oiseau coloré conseiller de Mufasa Zazu
80%
Chien jouet dans Toy Story Zig-Zag
78%
Petite tasse transformé dans le château de la Bête Zip
74%
Fillette de la famille Darling Wendy
72%
Méchante déjanté dans Kuzco Yzma
67%
Objet avec lequel Aurore se pique le doigt Quenouille
43%
Empereur malfaisant de l'univers Toy Story Zurg
43%
Endroit où l'on retrouve Sully et Bob dans le préquel de Monstre et Cie Université
34%
Docteur qui accompagne Basil le détective privé Watson
32%
Chien fantôme de l'étrange Mr Jack Zéro
30%
Dans la reine des neiges, le duc qui a le rythme dans la peau Weselton
11%
Assisant de Ratcliffe dans " Pocahontas " Wiggins
11%
Majordome de la famille de Jennifer dans Oliver & Cie Winston
7%
Meilleur ami de Lewis dans " Bienvenue chez les Robinson " Wilbur
6%
Aucun quiz correspondant
Distribution des résultats
% des personnes avec chaque résultat
Percentile par nombre de réponses
Votre historique - résultats
Vous n’avez pas pris ce quiz